Performance of popular clones under tea intercropping system in Tripura climatic condition (Record no. 64757)

MARC details
000 -LEADER
fixed length control field 00538nam a2200205Ia 4500
100 ## - MAIN ENTRY--AUTHOR NAME
Personal name Dey S.K
245 #0 - TITLE STATEMENT
Title Performance of popular clones under tea intercropping system in Tripura climatic condition
260 ## - PUBLICATION, DISTRIBUTION, ETC. (IMPRINT)
Name of publisher Indian Journal of Hill Farming
Year of publication 2014
300 ## - PHYSICAL DESCRIPTION
Number of Pages 17-21
650 ## - SUBJECT ADDED ENTRY--TOPICAL TERM
Topical Term Climatic condition
650 ## - SUBJECT ADDED ENTRY--TOPICAL TERM
Topical Term Intercropping
650 ## - SUBJECT ADDED ENTRY--TOPICAL TERM
Topical Term Tea
650 ## - SUBJECT ADDED ENTRY--TOPICAL TERM
Topical Term Tripura
700 ## - ADDED ENTRY--PERSONAL NAME
Personal name Jacob J
700 ## - ADDED ENTRY--PERSONAL NAME
Personal name Nazeer M.A
700 ## - ADDED ENTRY--PERSONAL NAME
Personal name Pal T.K
856 ## - ELECTRONIC LOCATION AND ACCESS
Uniform Resource Identifier Copy
942 ## - ADDED ENTRY ELEMENTS (KOHA)
Koha item type Journals
Holdings
Withdrawn status Lost status Damaged status Not for loan Home library Current library Shelving location Date acquired Serial Enumeration / chronology Koha item type
      Journals RRII Library RRII Library Agronomy 17/12/2021 Volume 27, Issue 1 Journals